झाबुआ के भीलों की संस्कृति / (Record no. 17372)

MARC details
000 -LEADER
fixed length control field 01472nam a22002777a 4500
005 - DATE AND TIME OF LATEST TRANSACTION
control field 20081031161345.0
008 - FIXED-LENGTH DATA ELEMENTS--GENERAL INFORMATION
fixed length control field 081031t xxu||||| |||| 00| 0 hin d
010 ## - LCCN (DPL NO)
LC control number HIN-84596
020 ## - INTERNATIONAL STANDARD BOOK NUMBER
International Standard Book Number 9788189559205
Terms of availability 350.00
035 ## - SYSTEM CONTROL NUMBER
System control number HN-56942
037 ## - SOURCE OF ACQUISITION
Source of stock number/acquisition DBAD / PUB
040 ## - CATALOGING SOURCE
Original cataloging agency DPL
Language of cataloging HN
082 ## - DEWEY DECIMAL CLASSIFICATION NUMBER
Classification number 307.772
100 ## - MAIN ENTRY--PERSONAL NAME
Personal name जैन, राजेन्द्र
245 ## - TITLE STATEMENT
Title झाबुआ के भीलों की संस्कृति /
Statement of responsibility, etc राजेन्द्र जैन
246 ## - VARYING FORM OF TITLE
Title proper/short title Jhabua ke bhilon kii sankriti
Remainder of title by Rajendra Jain
260 ## - PUBLICATION, DISTRIBUTION, ETC. (IMPRINT)
Place of publication, distribution, etc नई दिल्ली
Name of publisher, distributor, etc मानसी पब्लिकेशन्स
Date of publication, distribution, etc 2008
270 ## - ADDRESS
Address मनीष प्लाजा, 4637/20, प्रथम तल, 120, अंसारी रोड, दरियागंज
City नई दिल्ली
Postal code 110002
Telephone number 011 23261151, 9111 30121283 मो 09810303048
300 ## - PHYSICAL DESCRIPTION
Extent 250पृ
Dimensions 22सेमी (सजिल्द)
650 ## - SUBJECT ADDED ENTRY--TOPICAL TERM
Topical term or geographic name as entry element जनजातियाँ
General subdivision सामाजिक जीवन एवं प्रथाएं
Geographic subdivision भारत
650 ## - SUBJECT ADDED ENTRY--TOPICAL TERM
Topical term or geographic name as entry element Tribes
General subdivision Social life and customs
Geographic subdivision India
651 ## - SUBJECT ADDED ENTRY--GEOGRAPHIC NAME
Geographic name भारत
General subdivision सभ्यता
651 ## - SUBJECT ADDED ENTRY--GEOGRAPHIC NAME
Geographic name India
General subdivision Civilization
942 ## - ADDED ENTRY ELEMENTS (KOHA)
Source of classification or shelving scheme Dewey Decimal Classification
Item type Hindi Books
Call number suffix जैनरा
Classification part 307.772
Holdings
Withdrawn status Lost status Source of classification or shelving scheme Damaged status Not for loan Collection code Home library Current library Date acquired Source of acquisition Cost, normal purchase price Total Checkouts Full call number Barcode Date last seen Copy number Cost, replacement price Koha item type
    Dewey Decimal Classification   Not For Loan Non-fiction D.B.Act.Division D.B.Act.Division 31/10/2008 DBAD / PUB 350.00   307.772 जैनरा HN-56942 31/10/2008 1 350.00 Hindi Books

© Delhi Public Library
Hit Counter
free hit counter